Sport Competitions by Logos. - Statistics

General Stats
  • This quiz has been taken 35 times
  • The average score is 12 of 20
Answer Stats
Picture Answer % Correct
National Basketball Association
97%
Olympic Games
97%
Premier League
97%
Formula One
91%
National Football League
91%
Wimbledon Championships
83%
National Hockey League
80%
Tour de France
80%
Bundesliga
77%
Champions League
77%
LaLiga
66%
Roland Garros
54%
Australian Open
51%
Rugby World Cup
31%
Copa Libertadores
26%
Paralympic Games
26%
Euroleague
23%
Africa Cup of Nations
20%
Champions Cup
9%
Davis Cup
6%
No matching quizzes found
Score Distribution
Percent of People with Each Score
Percentile by Number Answered
Your Score History
You have not taken this quiz